[Event "COL-ch Amateur U2000"]
[Site "Bogota"]
[Date "2017.03.05"]
[Round "6"]
[White "Mesa, Francisco Alonso Jr"]
[Black "Aguilar, Hernando"]
[Result "1-0"]
[WhiteElo "1872"]
[BlackElo "1880"]
[PlyCount "53"]
[EventDate "2017.03.02"]
[EventType "swiss"]
[EventRounds "7"]
[EventCountry "COL"]
[SourceTitle "CBM 177 Extra"]
[Source "ChessBase"]
[SourceDate "2017.04.27"]
[SourceVersion "1"]
[SourceVersionDate "2017.04.27"]
[SourceQuality "1"]

1. e4 e5 2. Nf3 Nc6 3. Bb5 Nf6 4. d3 d6 5. c3 Be7 6. Nbd2 0-0 7. Nf1 Bg4 8. Ng3 a6 9. Ba4 d5 10. Qe2 d4 11. 0-0 b5 12. Bc2 Qd7 13. h3 Be6 14. Bd2 h6 15. Qd1 Nh7 16. cxd4 exd4 17. Nh2 f5 18. exf5 Bxf5 19. Nxf5 Qxf5 20. f4 Bd6 21. Qf3 Nb4 22. Bb3+ Kh8 23. a3 Nxd3 24. g4 Qg6 25. Bc2 Ne1 26. Bxg6 Nxf3+ 27. Rxf3 1-0

[Event "COL-ch Amateur U2000"]
[Site "Bogota"]
[Date "2017.03.03"]
[Round "2"]
[White "Aguilar, Hernando"]
[Black "Acosta, Jaime"]
[Result "1-0"]
[WhiteElo "1880"]
[BlackElo "1684"]
[PlyCount "33"]
[EventDate "2017.03.02"]
[EventType "swiss"]
[EventRounds "7"]
[EventCountry "COL"]
[SourceTitle "CBM 177 Extra"]
[Source "ChessBase"]
[SourceDate "2017.04.27"]
[SourceVersion "1"]
[SourceVersionDate "2017.04.27"]
[SourceQuality "1"]

1. e4 c5 2. Nf3 d6 3. Nc3 Nf6 4. Be2 e6 5. d4 cxd4 6. Nxd4 a6 7. 0-0 Be7 8. Be3 Qc7 9. Re1 Nbd7 10. Bd2 Nc5 11. Bf3 b5 12. b4 Ncd7 13. h3 Bb7 14. e5 Nxe5 15. Bxb7 Qxb7 16. f3 Rc8 17. Qe2 1-0

[Event "Pan American Amateur-ch"]
[Site "San Andres Islas"]
[Date "2014.08.30"]
[Round "9"]
[White "Lopez Gaviria, Alvaro Diego"]
[Black "Aguilar, Hernando"]
[Result "1-0"]
[WhiteElo "1951"]
[BlackElo "1908"]
[PlyCount "75"]
[EventDate "2014.08.26"]
[EventType "swiss"]
[EventRounds "9"]
[EventCountry "COL"]
[SourceTitle "EXT 2016"]
[Source "ChessBase"]
[SourceDate "2015.10.08"]
[SourceVersion "1"]
[SourceVersionDate "2015.10.08"]
[SourceQuality "1"]

1. d4 d5 2. c4 c6 3. Nc3 e6 4. Bf4 Nf6 5. e3 Bb4 6. Qb3 Qa5 7. a3 Bxc3+ 8. bxc3 Ne4 9. Rc1 0-0 10. f3 Nf6 11. Bd3 Nbd7 12. Ne2 dxc4 13. Bxc4 Nb6 14. Bd6 Re8 15. Bb4 Qg5 16. Kf2 Nxc4 17. Qxc4 Nd5 18. Qd3 Nc7 19. f4 Qd8 20. c4 b6 21. Bc3 Ba6 22. Ba1 f6 23. Qb3 Kh8 24. Rhd1 Bb7 25. a4 Qd7 26. Ng3 c5 27. e4 Qd6 28. Qe3 cxd4 29. Bxd4 Qc6 30. Qb3 Na6 31. Qb5 Nc7 32. Qb2 e5 33. fxe5 fxe5 34. Bxe5 Qc5+ 35. Bd4 Qe7 36. Nf5 Qf7 37. Bxg7+ Kg8 38. Kg1 1-0

[Event "Pan American Amateur-ch"]
[Site "San Andres Islas"]
[Date "2014.08.28"]
[Round "5"]
[White "Neira, Oscar Roberto"]
[Black "Aguilar, Hernando"]
[Result "1/2-1/2"]
[WhiteElo "1806"]
[BlackElo "1908"]
[PlyCount "103"]
[EventDate "2014.08.26"]
[EventType "swiss"]
[EventRounds "9"]
[EventCountry "COL"]
[SourceTitle "EXT 2016"]
[Source "ChessBase"]
[SourceDate "2015.10.08"]
[SourceVersion "1"]
[SourceVersionDate "2015.10.08"]
[SourceQuality "1"]

1. e4 d6 2. d4 g6 3. Bc4 Bg7 4. c3 Nf6 5. Nd2 0-0 6. Ngf3 Nbd7 7. e5 dxe5 8. dxe5 Ng4 9. e6 Nde5 10. exf7+ Nxf7 11. Qb3 e6 12. 0-0 Qd6 13. Ne4 Qb6 14. h3 Nge5 15. Nxe5 Nxe5 16. Qxb6 axb6 17. Bb3 h6 18. Be3 Nc6 19. Bc2 e5 20. a3 Be6 21. Rad1 Rfd8 22. Ng3 Ne7 23. Rxd8+ Rxd8 24. Rd1 Rxd1+ 25. Bxd1 Nf5 26. Nxf5 gxf5 27. Bf3 e4 28. Be2 Bb3 29. Bf4 c6 30. Kf1 b5 31. Ke1 Bd5 32. Bh5 Kh7 33. Be8 Be6 34. Ke2 Bf6 35. f3 Bd8 36. fxe4 fxe4 37. Ke3 Bd5 38. g3 Bb6+ 39. Kd2 Be6 40. h4 Bf5 41. h5 Bd8 42. Ke3 Bb6+ 43. Kd2 Bd8 44. Ke3 Bb6+ 45. Kd2 Bf2 46. Ke2 Bb6 47. Kd2 Kg7 48. Be5+ Kh7 49. Bf4 Bf2 50. Ke2 e3 51. Bxe3 Bxg3 52. Bd7 1/2-1/2

[Event "Pan American Amateur-ch"]
[Site "San Andres Islas"]
[Date "2014.08.27"]
[Round "2"]
[White "Aguilar, Hernando"]
[Black "Caceres Quintero, Gerson Mauricio"]
[Result "1/2-1/2"]
[WhiteElo "1908"]
[BlackElo "1759"]
[PlyCount "77"]
[EventDate "2014.08.26"]
[EventType "swiss"]
[EventRounds "9"]
[EventCountry "COL"]
[SourceTitle "EXT 2016"]
[Source "ChessBase"]
[SourceDate "2015.10.08"]
[SourceVersion "1"]
[SourceVersionDate "2015.10.08"]
[SourceQuality "1"]

1. e4 c5 2. Nf3 g6 3. d4 cxd4 4. Qxd4 Nf6 5. e5 Nc6 6. Qc4 Qa5+ 7. Bd2 d5 8. Qxc6+ bxc6 9. Bxa5 Nd7 10. Bc3 e6 11. Nbd2 a6 12. b4 Nb6 13. Bd4 Na4 14. c3 Be7 15. Bd3 Rb8 16. Bc2 Nb6 17. Nb3 0-0 18. Bc5 Re8 19. Nfd4 Bd7 20. Bxe7 Rxe7 21. Nc5 Be8 22. 0-0 Ra8 23. Bd3 a5 24. bxa5 Rxa5 25. Ncb3 Ra3 26. Nc2 Ra8 27. Nb4 Na4 28. c4 c5 29. cxd5 cxb4 30. d6 Rea7 31. a3 bxa3 32. Rxa3 Nb6 33. Rxa7 Rxa7 34. Ra1 Rxa1+ 35. Nxa1 Ba4 36. Nc2 g5 37. Nd4 Nd7 38. Be4 Nxe5 39. d7 1/2-1/2

[Event "Bogota LAB Apertura op"]
[Site "Bogota"]
[Date "2014.01.19"]
[Round "9"]
[White "Nieto, Guillermo Luigui"]
[Black "Aguilar, Hernando"]
[Result "0-1"]
[WhiteElo "1995"]
[BlackElo "1859"]
[PlyCount "30"]
[EventDate "2014.01.11"]
[EventType "tourn"]
[EventRounds "9"]
[EventCountry "COL"]
[SourceTitle "EXT 2018"]
[Source "ChessBase"]
[SourceDate "2017.10.13"]
[SourceVersion "1"]
[SourceVersionDate "2017.10.13"]
[SourceQuality "1"]

1. e4 c5 2. Nc3 e6 3. f4 a6 4. Nf3 Nc6 5. g3 b5 6. Bg2 b4 7. Ne2 Bb7 8. 0-0 h5 9. d4 cxd4 10. Nexd4 Bc5 11. c3 bxc3 12. bxc3 Nf6 13. e5 Nd5 14. Qd3 a5 15. Rd1 Ba6 0-1

[Event "Bogota LAB Apertura op"]
[Site "Bogota"]
[Date "2014.01.18"]
[Round "7"]
[White "Nieto, Manuel Valerio Wald"]
[Black "Aguilar, Hernando"]
[Result "1/2-1/2"]
[WhiteElo "2035"]
[BlackElo "1859"]
[PlyCount "43"]
[EventDate "2014.01.11"]
[EventType "tourn"]
[EventRounds "9"]
[EventCountry "COL"]
[SourceTitle "EXT 2018"]
[Source "ChessBase"]
[SourceDate "2017.10.13"]
[SourceVersion "1"]
[SourceVersionDate "2017.10.13"]
[SourceQuality "1"]

1. d4 d6 2. c4 e5 3. dxe5 dxe5 4. Qxd8+ Kxd8 5. Nf3 f6 6. Nc3 Be6 7. e4 c6 8. Be3 Nd7 9. a3 Bc5 10. Bxc5 Nxc5 11. b4 Nd7 12. 0-0-0 Kc7 13. c5 Nh6 14. Rd6 Rhe8 15. Be2 Nf7 16. Rd2 b6 17. cxb6+ axb6 18. Kb2 b5 19. Rc1 Kb7 20. Nh4 g6 21. g3 Nb6 22. f4 1/2-1/2

[Event "Bogota LAB Apertura op"]
[Site "Bogota"]
[Date "2014.01.12"]
[Round "4"]
[White "Aguilar, Hernando"]
[Black "Piraquive, Alberto"]
[Result "1-0"]
[WhiteElo "1859"]
[BlackElo "1954"]
[PlyCount "151"]
[EventDate "2014.01.11"]
[EventType "tourn"]
[EventRounds "9"]
[EventCountry "COL"]
[SourceTitle "EXT 2018"]
[Source "ChessBase"]
[SourceDate "2017.10.13"]
[SourceVersion "1"]
[SourceVersionDate "2017.10.13"]
[SourceQuality "1"]

1. e4 c6 2. d4 d5 3. exd5 cxd5 4. Nf3 Nc6 5. Bb5 Qb6 6. Bxc6+ bxc6 7. 0-0 Bg4 8. c3 e6 9. Qd3 Nf6 10. b3 c5 11. dxc5 Bxc5 12. b4 Be7 13. Be3 Qb7 14. Nbd2 0-0 15. Bd4 Rac8 16. Ne5 Bf5 17. Qe3 Rc7 18. f3 Rfc8 19. g4 Bc2 20. Rfe1 Bf8 21. h4 Nd7 22. Nxf7 e5 23. Nxe5 Nxe5 24. Qxe5 Re7 25. Qg3 Rf7 26. Re6 Ba4 27. Rae1 Bd7 28. R6e3 Qa6 29. R3e2 Bb5 30. Rf2 Bd6 31. Qg2 Bf4 32. Nb3 Qd6 33. Rb2 Bg3 34. Bc5 Qf4 35. Re6 Bxh4 36. Be3 Qxf3 37. Qxf3 Rxf3 38. Nd4 Rf1+ 39. Kg2 Bc4 40. Nf5 d4 41. Bxd4 Rf4 42. Ne7+ Bxe7 43. Rxe7 Rxg4+ 44. Kh3 h5 45. Rf2 Rc6 46. Rf5 Rxd4 47. cxd4 Be6 48. Rxe6 Rxe6 49. Rxh5 Re4 50. Rd5 Kf8 51. Kg3 Re3+ 52. Kf4 Ra3 53. Ke5 Ke7 54. Rb5 Rxa2 55. Rb7+ Kf8 56. d5 Re2+ 57. Kd6 g5 58. Rxa7 g4 59. Ra3 Rb2 60. Kc5 Rg2 61. Rb3 g3 62. Kd6 Ke8 63. b5 Kd8 64. Rc3 Rg1 65. b6 Rb1 66. Rxg3 Rxb6+ 67. Kc5 Rb1 68. Rg7 Ra1 69. Kd6 Ra6+ 70. Ke5 Ra5 71. Ke6 Ra1 72. Rg8+ Kc7 73. d6+ Kb7 74. d7 Re1+ 75. Kf5 Rf1+ 76. Ke4 1-0

[Event "COL-ch Amateur"]
[Site "San Andres Islas"]
[Date "2013.03.14"]
[Round "3"]
[White "Aguilar, Hernando"]
[Black "Martinez Paipa, Hernan"]
[Result "0-1"]
[WhiteElo "1862"]
[BlackElo "1944"]
[PlyCount "130"]
[EventDate "2013.03.13"]
[EventType "swiss"]
[EventRounds "9"]
[EventCountry "COL"]
[SourceTitle "CBM 153 Extra"]
[Source "ChessBase"]
[SourceDate "2013.04.22"]
[SourceVersion "1"]
[SourceVersionDate "2013.04.22"]
[SourceQuality "1"]

1. e4 c5 2. d3 Nc6 3. g3 Nf6 4. Bg2 d6 5. Nf3 g6 6. 0-0 Bg7 7. c3 0-0 8. Bf4 Nh5 9. Be3 b6 10. Nbd2 Bb7 11. Re1 Qc7 12. Nf1 Rad8 13. h4 d5 14. exd5 Rxd5 15. Ng5 Rdd8 16. Qc2 Ne5 17. Bxb7 Qxb7 18. d4 cxd4 19. Bxd4 Qc7 20. Qe4 Nc6 21. Bxg7 Kxg7 22. Rad1 Nf6 23. Qf3 h6 24. Ne4 Ne5 25. Qf4 Nh5 26. Qe3 Nc4 27. Qe2 Ne5 28. Ned2 Nc6 29. Nf3 Nf6 30. Qc4 Qb7 31. Rxd8 Rxd8 32. Ne5 Nxe5 33. Rxe5 e6 34. Qe2 Qc6 35. Nh2 h5 36. Re3 Qd5 37. c4 Qf5 38. b3 Qb1+ 39. Kg2 Rd1 40. Nf3 Ng4 41. Re4 Rc1 42. Rd4 e5 43. Rd2 e4 44. Rb2 exf3+ 45. Kxf3 Qf5+ 46. Kg2 Qe5 47. Qxe5+ Nxe5 48. Re2 Kf6 49. Rd2 Re1 50. Rd6+ Ke7 51. Rd2 Ke6 52. Rc2 Kf5 53. b4 Ke4 54. c5 bxc5 55. bxc5 Nc6 56. Rd2 Nd4 57. Rb2 Ra1 58. Rd2 Kd5 59. c6 Rc1 60. Rb2 Nxc6 61. Rb7 Ke6 62. Rc7 f5 63. Rg7 Ne7 64. Rh7 Ra1 65. Rh8 Rxa2 0-1

[Event "COL-ch Amateur"]
[Site "San Andres Islas"]
[Date "2013.03.14"]
[Round "4"]
[White "Lopez Gaviria, Alvaro Diego"]
[Black "Aguilar, Hernando"]
[Result "1-0"]
[WhiteElo "1936"]
[BlackElo "1862"]
[PlyCount "67"]
[EventDate "2013.03.13"]
[EventType "swiss"]
[EventRounds "9"]
[EventCountry "COL"]
[SourceTitle "CBM 153 Extra"]
[Source "ChessBase"]
[SourceDate "2013.04.22"]
[SourceVersion "1"]
[SourceVersionDate "2013.04.22"]
[SourceQuality "1"]

1. d4 d6 2. Nf3 Nf6 3. Bg5 c6 4. Nbd2 Bf5 5. e3 Nbd7 6. Be2 Qc7 7. Nh4 Bg6 8. a4 h6 9. Nxg6 fxg6 10. Bf4 a6 11. Bd3 0-0-0 12. Bxg6 e5 13. Bg3 d5 14. c4 Bb4 15. cxd5 Nxd5 16. 0-0 Rhf8 17. Nc4 N5b6 18. Nxe5 Nxe5 19. Bxe5 Bd6 20. f4 Nc4 21. Qe2 Nxe5 22. fxe5 Be7 23. g3 Qb6 24. Qc2 Kb8 25. Rxf8 Bxf8 26. Rc1 c5 27. Bd3 cxd4 28. e4 Ka7 29. Rf1 Qe6 30. Rxf8 Rxf8 31. Qc5+ b6 32. Qxf8 Qxe5 33. Qf7+ Kb8 34. Qf4 1-0

[Event "COL-ch Amateur"]
[Site "San Andres Islas"]
[Date "2013.03.13"]
[Round "2"]
[White "Guarin, Daniela"]
[Black "Aguilar, Hernando"]
[Result "0-1"]
[WhiteElo "1979"]
[BlackElo "1862"]
[PlyCount "68"]
[EventDate "2013.03.13"]
[EventType "swiss"]
[EventRounds "9"]
[EventCountry "COL"]
[SourceTitle "CBM 153 Extra"]
[Source "ChessBase"]
[SourceDate "2013.04.22"]
[SourceVersion "1"]
[SourceVersionDate "2013.04.22"]
[SourceQuality "1"]

1. e4 d6 2. d4 e5 3. Nf3 Nd7 4. Bc4 Be7 5. Nc3 Ngf6 6. Bg5 c6 7. Bxf6 Bxf6 8. d5 c5 9. 0-0 a6 10. a4 0-0 11. Rb1 Qa5 12. Qd3 Be7 13. b3 Nb6 14. h3 f5 15. Nxe5 Bf6 16. f4 dxe5 17. d6+ Kh8 18. Nd5 Nxd5 19. Qxd5 exf4 20. e5 Bd7 21. exf6 Rxf6 22. Qxb7 Qd8 23. Bxa6 Rxd6 24. Bc4 Bc6 25. Qf7 Rd2 26. Rf2 Rxf2 27. Kxf2 Qd2+ 28. Be2 Qe3+ 29. Kf1 Bxg2+ 30. Kxg2 Qxe2+ 31. Kh1 Qf3+ 32. Kg1 Qg3+ 33. Kf1 f3 34. Qc4 Re8 0-1

[Event "Pan American-ch"]
[Site "Cartagena"]
[Date "2012.07.07"]
[Round "8"]
[White "Aguilar, Hernando"]
[Black "Moreno Negrete, Emmanuel"]
[Result "1-0"]
[WhiteElo "1862"]
[BlackElo "1648"]
[PlyCount "43"]
[EventDate "2012.07.04"]
[EventType "swiss"]
[EventRounds "9"]
[EventCountry "COL"]
[SourceTitle "CBM 149 Extra"]
[Source "ChessBase"]
[SourceDate "2012.08.24"]
[SourceVersion "1"]
[SourceVersionDate "2012.08.24"]
[SourceQuality "1"]

1. e4 e5 2. Nf3 d6 3. d4 exd4 4. Qxd4 a6 5. Bc4 Nc6 6. Qd1 Be7 7. Nc3 Nf6 8. h3 0-0 9. Be3 Re8 10. 0-0 h6 11. Qc1 Bf8 12. Nd2 b5 13. Be2 Be7 14. a3 Bb7 15. f3 Na7 16. Bxa7 Rxa7 17. Nb3 c6 18. Rb1 Qb6+ 19. Kh1 Nh5 20. Kh2 d5 21. f4 dxe4 22. Bxh5 1-0

[Event "Bogota Mayores Distrital op"]
[Site "Bogota"]
[Date "2011.08.14"]
[Round "6"]
[White "Trujillo Urriago, Karen Jo"]
[Black "Aguilar, Hernando"]
[Result "0-1"]
[WhiteElo "1572"]
[BlackElo "1876"]
[PlyCount "66"]
[EventDate "2011.08.11"]
[EventType "swiss"]
[EventRounds "9"]
[EventCountry "COL"]
[SourceTitle "CBM 143 Extra"]
[Source "ChessBase"]
[SourceDate "2011.08.29"]
[SourceVersion "1"]
[SourceVersionDate "2011.08.29"]
[SourceQuality "1"]

1. e4 e5 2. Nf3 Nf6 3. Nc3 Bb4 4. d3 d5 5. a3 Bxc3+ 6. bxc3 Nc6 7. Bg5 dxe4 8. Bxf6 Qxf6 9. dxe4 0-0 10. Bc4 Bg4 11. Rg1 Rad8 12. Qe2 Ne7 13. h3 Bxf3 14. gxf3 Ng6 15. Rg3 Qc6 16. Rb1 Nf4 17. Qf1 Qd6 18. Bd3 Qxa3 19. Kd2 Rxd3+ 20. cxd3 Rd8 21. Rxb7 Qa6 22. Qb1 Rxd3+ 23. Kc2 Rd8 24. Qb5 Qd6 25. Rb8 Qd1+ 26. Kb2 Nd3+ 27. Ka3 Qa1+ 28. Kb3 Qb2+ 29. Kc4 Qa2+ 30. Qb3 Qa6+ 31. Qb5 Qe6+ 32. Qd5 Rxb8 33. Qxe6 Nb2+ 0-1

[Event "Bogota Mayores Distrital op 06"]
[Site "Bogota"]
[Date "2011.06.17"]
[Round "3"]
[White "Aguilar, Hernando"]
[Black "Ruiz Castillo, Joshua Daniel"]
[Result "0-1"]
[WhiteElo "1840"]
[BlackElo "2164"]
[PlyCount "106"]
[EventDate "2011.06.16"]
[EventType "swiss"]
[EventRounds "7"]
[EventCountry "COL"]
[SourceTitle "EXT 2012"]
[Source "ChessBase"]
[SourceDate "2011.11.24"]
[SourceVersion "1"]
[SourceVersionDate "2011.11.24"]
[SourceQuality "1"]

1. e4 c5 2. g3 Nc6 3. Bg2 g6 4. Ne2 Bg7 5. c3 d6 6. 0-0 Qb6 7. Na3 Nf6 8. Nc4 Qa6 9. Ne3 0-0 10. d4 cxd4 11. cxd4 Bd7 12. Bd2 Rfc8 13. Bc3 e5 14. d5 Na5 15. Re1 b6 16. Nc2 b5 17. h3 Nc4 18. b3 Nb6 19. Nb4 Qb7 20. Rc1 a5 21. Nd3 b4 22. Bb2 Bb5 23. f4 Nfd7 24. fxe5 Nxe5 25. Nxe5 dxe5 26. Qd2 Qa6 27. Kh2 Nd7 28. Ng1 Nc5 29. Nf3 Nd3 30. Rxc8+ Rxc8 31. Rb1 Nxb2 32. Rxb2 Rc3 33. Qg5 Bf6 34. Qh6 Bg7 35. Qg5 Qd6 36. Rf2 h6 37. Qd2 Qb6 38. Bf1 Bd3 39. Bxd3 Rxd3 40. Qe2 Re3 41. Qd2 Rxe4 42. d6 Bf6 43. d7 Kg7 44. Re2 Rxe2+ 45. Qxe2 Qd6 46. Qd2 Qxd2+ 47. Nxd2 Bd8 48. Ne4 f5 49. Nd6 Kf6 50. Kg2 Ke6 51. Nc4 Bc7 52. Kf3 Kxd7 53. g4 Ke6 0-1

[Event "Bogota MAYO op"]
[Site "Bogota"]
[Date "2011.05.22"]
[Round "6"]
[White "Aguilar, Hernando"]
[Black "Estrella Becerra, Fernando"]
[Result "0-1"]
[WhiteElo "1840"]
[BlackElo "2077"]
[PlyCount "56"]
[EventDate "2011.05.19"]
[EventType "swiss"]
[EventRounds "7"]
[EventCountry "COL"]
[SourceTitle "CBM 142 Extra"]
[Source "ChessBase"]
[SourceDate "2011.06.27"]
[SourceVersion "1"]
[SourceVersionDate "2011.06.27"]
[SourceQuality "1"]

1. e4 d6 2. f4 c5 3. Nf3 Nc6 4. c3 Nf6 5. e5 dxe5 6. fxe5 Nd5 7. d4 cxd4 8. cxd4 Bg4 9. Be2 e6 10. 0-0 Qb6 11. Nc3 Nxc3 12. bxc3 Be7 13. Ng5 Bxg5 14. Bxg5 Bf5 15. Kh1 0-0 16. Rxf5 exf5 17. Bd3 h6 18. Bxf5 Nxe5 19. Rb1 Qa6 20. Be4 Qe6 21. Bxb7 Ng4 22. Bh4 Qxa2 23. Rb4 Nf2+ 24. Bxf2 Qxf2 25. h3 Rfe8 26. Qf3 Re1+ 27. Kh2 Qg1+ 28. Kg3 Re3 0-1